000 00211 a2200097 4500
001 25352
100 _aBooth, A D
245 _aDigital Computers in Action
260 _a
_bPergamon
_c1965
090 _c17113
_d17113
942 _aNUST-CAE
_cM
_c7907
999 _c260425
_d260425